Ασκητική : Salvatores Dei

Αποθηκεύτηκε σε:
Λεπτομέρειες βιβλιογραφικής εγγραφής
Κύριος συγγραφέας: Καζαντζάκης, Νίκος, 1883-1957
Μορφή: Βιβλίο
Γλώσσα:Greek
Δημοσίευση: Αθήνα : Ελένη Ν.Καζαντζάκη, [1985].
Θέματα:
Ετικέτες: Προσθήκη ετικέτας
Δεν υπάρχουν, Καταχωρήστε ετικέτα πρώτοι!

MARC

LEADER 00000cam a2200000 i 4500
001 1/21837
008 960802s1985 gr | ||| |||| ||gre||
035 |a 1992  |b 3  |c Αναγνωστοπούλου  |l 10036407 
035 |1 ΕΛΗ  |a 1996  |b 2507  |c ΒΙΒΛΙΟΘΗΚΗ 
040 |a GR-MyUA  |b gre  |e AACR2 
041 0 |a gre 
082 0 |a 889.4 
100 1 |a Καζαντζάκης, Νίκος,   |d 1883-1957. 
245 1 0 |a Ασκητική :   |b Salvatores Dei /   |c Ν.Καζαντζάκης.  
260 |a Αθήνα :   |b Ελένη Ν.Καζαντζάκη,   |c [1985].  
300 |a 99 σ. ;   |c 21 εκ.  
650 0 0 |a Greek essays, Modern. 
650 0 0 |a Ethics. 
852 |a INST  |b RHODES  |e 19961003  |h 889.4 ΚΑΖ  |p 005400009915  |q 005400009915  |t BK  |y 0 
852 |a INST  |b SAMOS  |e 19960802  |h 889.4 ΚΑΖ  |p 005300009416  |q 005300009416  |t BK  |y 0 
909 |a Ρ  |b 025551 
909 |a Σ  |b 041690